Su excelencia envió el informe

Na minha lista:
Detalhes bibliográficos
Autor principal: Bullrich, Silvina (Author)
Formato: Livro
Idioma:espanhol
Publicado em: Buenos Aires Emecé 1974
Edição:1a. ed
Assuntos:
Tags: Adicionar Tag
Sem tags, seja o primeiro a adicionar uma tag!

MARC

LEADER 00000cam a2200000 a 4500
001 UCD5079
003 CL-VaPUC
008 160807e19740000ag |||||||||||||||||spa|d
082 0 4 |a Ar863  |b BUL  |2 21 
100 0 |a Bullrich, Silvina  |e author  |9 588813 
245 1 0 |a Su excelencia envió el informe 
250 |a 1a. ed 
300 |a 226 p 
942 |c BK 
945 |d 20160807 22:49:00  |a dcastane 
260 |a Buenos Aires  |b Emecé  |c 1974 
650 0 |a Novelas argentinas  |9 267871 
650 0 |a Literatura argentina  |9 320596 
583 |a last modification  |c 20160807 22:49:00  |k Rodrigo Vera 
999 |c 365846  |d 365844 
952 |0 0  |1 0  |3 erb  |4 0  |6 AR_863_000000000000000_BUL_1974  |7 0  |8 A  |9 479813  |a BIBEDU  |b BIBEDU  |i 5336716  |o Ar863 BUL 1974  |p 5336716  |r 2019-11-24  |w 2019-11-24  |y BK  |z Catalogado en:20160807  |k EPE